000
00292nam a22001217a 4500
008
170904b xxu||||| |||| 00| 0 eng d
041
_a
eng
080
_2
4 ED
_a
070
100
_a
40
101
_a
MED
245
_a
GOOD REASONS WITH CONTEMPORARY ARGUMENTS
_c
FAIGLEY.L
942
_2
udc
_c
BK
999
_c
26054
_d
26054